Party ideologies in America, 1828-1996 (Record no. 32075)

MARC details
000 -LEADER
fixed length control field 00648nam a2200205Ia 4500
008 - FIXED-LENGTH DATA ELEMENTS--GENERAL INFORMATION
fixed length control field 191130s1998##################000#0#eng##
020 ## - INTERNATIONAL STANDARD BOOK NUMBER
International Standard Book Number 9780521785907
022 ## - INTERNATIONAL STANDARD SERIAL NUMBER
International Standard Serial Number 97046088
040 ## - CATALOGING SOURCE
Original cataloging agency ACL
Transcribing agency ACL
082 ## - DEWEY DECIMAL CLASSIFICATION NUMBER
Classification number 324.273 GER
100 ## - MAIN ENTRY--PERSONAL NAME
Personal name Gerring, John
245 ## - TITLE STATEMENT
Title Party ideologies in America, 1828-1996
Statement of responsibility, etc. John Gerring
260 ## - PUBLICATION, DISTRIBUTION, ETC.
Place of publication, distribution, etc. Cambridge
Name of publisher, distributor, etc. Cambridge University Press
Date of publication, distribution, etc. 1998
300 ## - PHYSICAL DESCRIPTION
Extent xiv, 337 p. : ill. ; 24 cm
500 ## - GENERAL NOTE
General note Includes bibliographical references (p. 299-333) and index
650 ## - SUBJECT ADDED ENTRY--TOPICAL TERM
Topical term or geographic name entry element Political parties - United States - History
990 ## - EQUIVALENCES OR CROSS-REFERENCES [LOCAL, CANADA]
Link information for 9XX fields 2f2e9b28ac10000c242cb6f3547a53dd
991 ## -
-- 283770
Holdings
Withdrawn status Lost status Materials specified (bound volume or other part) Damaged status Not for loan Home library Current library Shelving location Date acquired Total Checkouts Full call number Barcode Date last seen Price effective from Koha item type
    pbk     Anna Centenary Library Anna Centenary Library 3RD FLOOR, B WING 09.10.2020   324.273 GER 103529 09.10.2020 09.10.2020 English Books

Find us on the map